[Event "Moscow Open-F 2019"]
[Site "Moscow"]
[Date "2019.01.31"]
[Round "7"]
[White "Volobuev, Vladimir"]
[Black "Matyunin, Maxim"]
[Result "1-0"]
[WhiteElo "1954"]
[BlackElo "2218"]
[Annotator "NA"]
[PlyCount "83"]
[EventDate "2019.01.26"]
[EventType "swiss"]
[EventCountry "RUS"]
[SourceTitle "playchess.com"]
[Source "ChessBase"]
[SourceQuality "1"]
[TimeControl "40/5400+30:1800+30"]

1. e4 {[%emt 0:30:31]} e6 {[%emt 0:00:00]} 2. d4 {[%emt 0:00:15]} d5 {[%emt 0:00:00]} 3. e5 {[%emt 0:00:48]} c5 {[%emt 0:00:00]} 4. c3 {[%emt 0:00:01]} Qb6 {[%emt 0:00:00]} 5. Nf3 {[%emt 0:00:05]} Bd7 {[%emt 0:00:25]} 6. Bd3 {[%emt 0:02:02]} Bb5 {[%emt 0:00:07]} 7. O-O $146 {[%emt 0:00:20]} ({Predecessor:} 7. dxc5 Bxc5 8. b4 Bxd3 9. Qxd3 Be7 10. O-O {1-0 (42) Shabalov,A (2623)-Volkov,S (2630) playchess.com INT 2004}) 7... Bxd3 {[%emt 0:00:09]} 8. Qxd3 {[%emt 0:00:05]} Nc6 {[%emt 0:00:06]} 9. dxc5 {[%emt 0:02:16]} Bxc5 {[%emt 0:00:46]} 10. b4 {[%emt 0:00:32] C02: French: Advance Variation} Be7 {[%emt 0:00:07]} 11. a4 {[%emt 0:02:48]} Rc8 {[%emt 0:09:21]} 12. Na3 {[%emt 0:03:12]} f6 {[%emt 0:07:39]} ({Predecessor:} 12... Qd8 13. Be3 Nh6 14. Bxh6 gxh6 15. Qe3 Bf8 16. c4 {1-0 (42) Shabalov,A (2623)-Volkov,S (2630) playchess.com INT 2004}) 13. Bf4 {[%emt 0:11:03]} fxe5 {[%emt 0:03:08]} 14. Nxe5 {[%emt 0:01:48]} Nxe5 {[%emt 0:03:38]} 15. Bxe5 {[%emt 0:00:10]} Nf6 {[%emt 0:00:04]} 16. a5 {[%emt 0:15:59]} Qc6 {[%emt 0:01:30]} (16... Qd8 $16) 17. Nb5 {[%emt 0:02:12]} a6 {[%emt 0:06:29] [#]} 18. Nd4 {[%emt 0:01:02]} (18. Na7 $1 $18 {[%cal Ra7c6]} Qc4 19. Qh3) 18... Qd7 {[%emt 0:07:43]} (18... Qxc3 $14 19. Qxc3 Rxc3) 19. f3 {[%emt 0:00:21]} O-O {[%emt 0:01:21]} 20. Rfe1 {[%emt 0:00:15]} Rfe8 {[%emt 0:00:10]} 21. Ra2 {[%emt 0:01:58]} Rc4 {[%emt 0:09:39]} 22. Rae2 {[%emt 0:01:10]} Rec8 {[%emt 0:00:03]} 23. Nxe6 {[%emt 0:03:49]} Qxe6 $2 {[%emt 0:14:16]} (23... d4 {keeps fighting.}) 24. Bxf6 {[%emt 0:00:06]} Qxf6 {[%emt 0:00:04]} 25. Rxe7 $18 {[%emt 0:01:58]} Rxc3 {[%emt 0:09:06]} 26. Qxd5+ {[%emt 0:02:13]} Kf8 {[%emt 0:00:03]} 27. Qd7 {[%emt 0:02:33]} Qg6 {[%emt 0:00:14]} 28. R7e6 {[%emt 0:01:42]} Qh5 {[%emt 0:00:35]} 29. Qxb7 {[%emt 0:05:25]} Rc1 {[%emt 0:02:45]} 30. Qxa6 {[%emt 0:02:56]} Qd5 {[%emt 0:00:27]} 31. Qe2 {[%emt 0:01:47]} Qd4+ {[%emt 0:03:00]} 32. Kh1 {[%emt 0:00:45]} Rxe1+ {[%emt 0:00:32]} 33. Qxe1 {[%emt 0:00:12]} Qb2 {[%emt 0:00:25]} 34. Qh4 {[%emt 0:03:38]} Qd2 {[%emt 0:06:01]} 35. Qe7+ {[%emt 0:00:38]} Kg8 {[%emt 0:00:02]} 36. Re1 {[%emt 0:00:31]} h6 {[%emt 0:00:05]} 37. h3 {[%emt 0:00:25]} Rc2 {[%emt 0:00:53]} 38. Qe8+ {[%emt 0:00:17]} Kh7 {[%emt 0:00:03]} 39. Qe4+ {[%emt 0:00:19]} Kg8 {[%emt 0:00:02]} 40. f4 {[%emt 0:00:33]} Ra2 {[%emt 0:01:37]} 41. f5 {[%emt 0:30:23]} g5 {[%emt 0:31:17]} 42. Qe8+ {[%emt 0:00:21]} 1-0

[Event "Moscow Open-F 2019"]
[Site "Moscow"]
[Date "2019.01.31"]
[Round "7"]
[White "Dziov, Igor"]
[Black "Derevianchenko, Ilia"]
[Result "0-1"]
[WhiteElo "1904"]
[BlackElo "2339"]
[Annotator "NA RC"]
[PlyCount "88"]
[EventDate "2019.01.26"]
[EventType "swiss"]
[EventCountry "RUS"]
[SourceTitle "playchess.com"]
[Source "ChessBase"]
[SourceQuality "1"]
[TimeControl "40/5400+30:1800+30"]

{[%evp 8,87,89,67,72,15,17,15,32767,1,32767,-16,26,-72,-73,-67,-54,-99,-91,32767,-104,32767,-87,32767,32767,-139,0,32767,-385,-635,-625,-648,-623,-574,-586,32767,32767,32767,32767,32767,32767,32767,32767,32767,32767,32767,-773,32767,-810,-774,-820,32767,32767,32767,32767,-868,-929,-899,32767,-960,-989,-1025,-1020,-999,-1071,-1028,-966,-1174,-1342,-1176,-1391,-1322,-1530,-1479,32767,32767,-29990,-29993,32767,32767,32767,-29997]} 1. e4 {[%emt 0:02:34]} d6 {[%emt 0:14:15]} 2. d4 {[%emt 0:00:09]} g6 {[%emt 0:00:30]} 3. Be3 {[%emt 0:00:17]} Bg7 {[%emt 0:00:07]} 4. Qd2 {[%emt 0:00:19]} e5 {[%emt 0:00:51]} 5. Ne2 {[%emt 0:00:25]} Nc6 {[%emt 0:00:47]} 6. d5 {[%emt 0:01:10]} (6. Nbc3 $16) 6... Nce7 {[%emt 0:00:16]} 7. f3 {[%emt 0:01:25]} f5 {[%emt 0:00:19]} 8. Nbc3 {[%emt 0:00:48]} Nf6 {[%emt 0:00:07]} 9. h3 {[%emt 0:01:52]} f4 {[%emt 0:01:40]} (9... b5 $15) 10. Nxf4 {[%emt 0:02:12]} (10. Bf2 $14) 10... exf4 {[%emt 0:00:18]} 11. Bxf4 {[%emt 0:00:04]} O-O {[%emt 0:04:52]} 12. g4 {[%emt 0:01:48]} Nd7 {[%emt 0:02:13]} 13. O-O-O {[%emt 0:03:31]} Ne5 {[%emt 0:00:07]} 14. Be2 {[%emt 0:00:19]} Rf7 {[%emt 0:01:00]} 15. Nb5 {[%emt 0:12:59] [#]} Kh8 {[%emt 0:05:15]} (15... Nxf3 $1 $17 {[%mdl 512]} 16. Bxf3 a6 17. Nxd6 cxd6) 16. h4 {[%emt 0:05:23] [#]} (16. Rhf1 $15) 16... Ng8 {[%emt 0:01:19]} (16... Nxf3 $1 $17 {[%mdl 512]} 17. Bxf3 Qf8) 17. h5 {[%emt 0:01:25] [#]} Rxf4 $1 {[%emt 0:01:02]} 18. h6 $2 {[%emt 0:03:10]} (18. Qxf4 $2 {too greedy.} Bh6 $19) (18. g5 Qxg5 19. Nxc7) 18... Bf6 {[%emt 0:01:13]} 19. Kb1 {[%emt 0:06:19]} Bg5 {[%emt 0:00:36]} 20. Qc3 {[%emt 0:00:14]} Rf7 {[%emt 0:00:49]} 21. Rdf1 {[%emt 0:01:04]} a6 {[%emt 0:01:40]} 22. Nd4 {[%emt 0:00:21]} Qf6 {[%emt 0:04:08]} 23. a3 {[%emt 0:03:44]} Bxh6 {[%emt 0:01:01]} 24. Rh2 {[%emt 0:01:09]} Bf4 {[%emt 0:00:38]} 25. Rh3 {[%emt 0:00:29]} c5 {[%emt 0:01:06]} 26. Nb3 {[%emt 0:03:17]} b5 {[%emt 0:04:13]} 27. Rfh1 {[%emt 0:00:39] [#]} Nc4 $1 {[%emt 0:00:37]} 28. Qxf6+ {[%emt 0:01:51]} Nxf6 {[%emt 0:00:02]} 29. Bxc4 {[%emt 0:00:45]} bxc4 {[%emt 0:00:03]} 30. Na5 {[%emt 0:00:07]} c3 {[%emt 0:00:25]} 31. b3 {[%emt 0:00:50]} Kg7 {[%emt 0:01:22]} 32. Nc4 {[%emt 0:00:43]} h5 {[%emt 0:00:25]} 33. Rg1 {[%emt 0:02:29]} hxg4 {[%emt 0:00:15]} 34. fxg4 {[%emt 0:00:14]} Nxe4 {[%emt 0:00:08]} 35. Ka2 {[%emt 0:02:09]} Bb7 {[%emt 0:01:54]} 36. Rgh1 {[%emt 0:01:06]} Bxd5 {[%emt 0:00:24]} 37. Rh7+ {[%emt 0:00:46]} Kf6 {[%emt 0:00:21]} 38. Nb6 {[%emt 0:00:10]} Rxh7 {[%emt 0:00:48]} 39. Rxh7 {[%emt 0:00:11]} Bg8 {[%emt 0:00:07]} 40. Rc7 {[%emt 0:02:42]} Re8 {[%emt 0:00:29]} 41. Ra7 {[%emt 0:30:56]} Nd2 {[%emt 0:32:14]} 42. Rxa6 {[%emt 0:01:14]} Re2 {[%emt 0:00:34]} 43. Nd7+ {[%emt 0:00:41]} Kg5 {[%emt 0:00:20]} 44. Ka1 {[%emt 0:01:51]} Bxb3 {[%emt 0:00:16]} 0-1

[Event "Moscow Open-F 2019"]
[Site "Moscow"]
[Date "2019.01.31"]
[Round "7"]
[White "Bazarov, Vladimir"]
[Black "Khudyakov, Stanislav"]
[Result "1/2-1/2"]
[WhiteElo "1800"]
[BlackElo "2126"]
[Annotator "NA"]
[PlyCount "107"]
[EventDate "2019.01.26"]
[EventType "swiss"]
[EventCountry "RUS"]
[SourceTitle "playchess.com"]
[Source "ChessBase"]
[SourceQuality "1"]
[TimeControl "40/5400+30:1800+30"]

1. e4 {[%emt 0:02:53]} e6 {[%emt 0:00:00]} 2. d4 {[%emt 0:00:16]} d5 {[%emt 0:00:00]} 3. Nd2 {[%emt 0:00:56]} Nf6 {[%emt 0:01:00]} 4. e5 {[%emt 0:00:12]} Nfd7 {[%emt 0:00:06]} 5. Bd3 {[%emt 0:00:51]} c5 {[%emt 0:00:05]} 6. c3 {[%emt 0:00:08] LiveBook: 7779 Games} Nc6 {[%emt 0:00:05]} 7. Ndf3 {[%emt 0:00:40]} Be7 {[%emt 0:11:10]} 8. Ne2 {[%emt 0:00:58]} O-O {[%emt 0:01:44]} 9. O-O {[%emt 0:00:12]} f6 {[%emt 0:05:04]} 10. Nf4 {[%emt 0:07:16]} ({White should try} 10. exf6 $14 Nxf6 11. Bf4) 10... Ndxe5 $1 {[%emt 0:05:34]} 11. Bxh7+ {[%emt 0:10:07]} Kxh7 {[%emt 0:00:37]} 12. Qc2+ {[%emt 0:00:08]} Kg8 {[%emt 0:01:56]} 13. dxe5 fxe5 {[%emt 0:01:43]} 14. Ng6 {[%emt 0:09:09]} Rf5 {[%emt 0:02:19]} 15. Nxe7+ {[%emt 0:07:08]} Qxe7 {[%emt 0:00:21]} 16. h4 {[%emt 0:01:30]} e4 {[%emt 0:08:27]} 17. Ng5 {[%emt 0:00:39]} Ne5 {[%emt 0:00:35]} 18. f3 {[%emt 0:29:49] [#]} exf3 {[%emt 0:06:17]} (18... Bd7 $1 $19 19. fxe4 Rxf1+ 20. Kxf1 Bb5+ 21. Kg1 Bd3) 19. Bf4 {[%emt 0:02:27]} Nf7 {[%emt 0:03:03]} ({Black should play} 19... fxg2 $17 20. Qxg2 Nf7) 20. Rxf3 {[%emt 0:00:38]} e5 {[%emt 0:25:05]} 21. Bd2 {[%emt 0:00:55]} ({White should play} 21. Re1 $11) 21... e4 {[%emt 0:01:01]} 22. Rxf5 {[%emt 0:00:30]} Bxf5 {[%emt 0:00:05]} 23. Rf1 {[%emt 0:01:32] [#]} Bg6 {[%emt 0:01:54]} (23... Nh6 $142 $1 24. Be3 b6) 24. Nxf7 $17 {[%emt 0:00:57]} Bxf7 {[%emt 0:00:05]} 25. Bg5 {[%emt 0:00:12]} Qd7 {[%emt 0:00:48]} 26. c4 {[%emt 0:03:35]} d4 {[%emt 0:02:35]} 27. Qxe4 {[%emt 0:01:13]} Bxc4 {[%emt 0:00:05]} 28. Rf5 {[%emt 0:02:40]} Re8 {[%emt 0:03:16]} 29. Re5 {[%emt 0:02:17]} Rxe5 {[%emt 0:00:24]} 30. Qxe5 {[%emt 0:00:01]} b6 {[%emt 0:00:25]} 31. a3 {[%emt 0:03:47]} Bf7 {[%emt 0:05:07]} 32. Qe4 {[%emt 0:04:58]} Bd5 {[%emt 0:00:59]} 33. Qe2 {[%emt 0:02:27]} c4 {[%emt 0:04:26]} 34. Bd2 {[%emt 0:00:40]} Qf5 {[%emt 0:00:58]} 35. Bg5 {[%emt 0:01:00]} Bf7 {[%emt 0:03:43]} 36. Qd2 {[%emt 0:03:05]} Qe4 {[%emt 0:00:14]} 37. Kf1 {[%emt 0:01:58]} Bh5 {[%emt 0:01:55]} 38. Kg1 {[%emt 0:00:35]} Kh7 {[%emt 0:01:59]} 39. Kh2 {[%emt 0:00:33]} Be8 {[%emt 0:00:54]} 40. Qf4 {[%emt 0:00:21]} Qd5 {[%emt 0:00:14]} 41. Qf3 {[%emt 0:30:24]} Qe6 {[%emt 0:32:42]} 42. Qf4 {[%emt 0:00:23]} d3 {[%emt 0:00:12]} 43. Qf2 {[%emt 0:00:34]} Bc6 {[%emt 0:00:15]} 44. Bd2 {[%emt 0:00:38]} Qe5+ {[%emt 0:00:43]} 45. Bf4 {[%emt 0:00:12]} Qf6 {[%emt 0:00:21]} 46. Kg1 {[%emt 0:01:00]} b5 {[%emt 0:00:30]} 47. Be3 {[%emt 0:00:22]} Qg6 {[%emt 0:00:34]} 48. Bd2 {[%emt 0:00:53]} Qg4 {[%emt 0:00:32]} 49. Bc3 {[%emt 0:00:18]} a6 {[%emt 0:00:33]} 50. Kh2 {[%emt 0:00:30]} Bd5 {[%emt 0:00:40]} 51. Qg3 {[%emt 0:00:24]} Qd7 {[%emt 0:00:28]} 52. Qg5 {[%emt 0:00:22]} Bb7 {[%emt 0:01:03]} 53. h5 {[%emt 0:01:06]} Be4 {[%emt 0:01:00]} 54. Kg1 {[%emt 0:00:32]} 1/2-1/2

[Event "Moscow Open-F 2019"]
[Site "Moscow"]
[Date "2019.02.01"]
[Round "8"]
[White "Zakhartsov, Vladimir"]
[Black "Aleksandrovskiy, Dmitriy"]
[Result "1-0"]
[WhiteElo "2483"]
[BlackElo "2299"]
[Annotator "TA"]
[PlyCount "71"]
[EventDate "2019.01.26"]
[EventType "swiss"]
[EventCountry "RUS"]
[SourceTitle "playchess.com"]
[Source "ChessBase"]
[SourceQuality "1"]

{[%evp 9,71,26,11,12,10,8,25,0,8,-11,30,-14,-6,-20,0,0,22,-11,2,3,4,8,18,8,26,-35,-35,-29,-41,-59,-59,-65,-65,-50,-61,-51,-58,-61,-54,-56,-60,-63,-56,-59,0,0,0,-51,-51,-62,-61,-49,-51,-58,-47,-60,-13,-11,-14,-15,490,453,530,558]} 1. c4 e5 2. Nc3 f5 3. d4 exd4 4. Qxd4 Nc6 5. Qe3+ Qe7 (5... Kf7 6. Nh3 Nf6 7. Ng5+ Kg8 8. Nd5 h6 9. Nf3 Ne4 10. Qb3 d6 11. g3 Ne7 12. Bg2 c6 13. Nc3 Nxc3 14. Qxc3 {1-0 (59) Damljanovic,B (2612)-Tseshkovsky,V (2599) Vrnjacka Banja 2005}) 6. Nd5 {A21: English Opening: 1...e5 2 Nc3} Qxe3 7. Bxe3 Bb4+ 8. Kd1 {White has an edge.} Bd6 9. c5 Nge7 10. cxd6 $146 ({Predecessor:} 10. Nf6+ gxf6 11. cxd6 cxd6 12. Bd2 b6 13. e3 {½-½ (60) Zoltek,T (2271)-Pohlers,J (2106) Dadaj 2005}) 10... Nxd5 11. Bc5 b6 12. Ba3 Ba6 13. Rc1 O-O 14. dxc7 Rfe8 15. Nf3 Nxc7 16. b3 Nb5 17. e3 (17. Bb2 $1 $11) 17... Nxa3 $15 18. Bxa6 Nb4 $36 {[%mdl 2048] White is under pressure.} 19. Bb7 Rab8 20. Rc7 Nb5 21. Rxd7 Red8 22. Rxd8+ Rxd8+ 23. Nd4 $1 Nxd4 24. exd4 Rxd4+ {[%mdl 4096] Endgame KRB-KRN} 25. Ke2 Nxa2 26. Ra1 Rd7 (26... Nc3+ $15 27. Ke3 Rd7) 27. Bc8 $1 $11 {[%cal Rc8d7]} Nc3+ 28. Ke3 (28. Kf3 $11 Re7 29. Bxf5) 28... Re7+ $15 29. Kd3 Ne4 30. Bxf5 Nxf2+ 31. Kd4 g6 32. Bc8 Ne4 33. Re1 Re8 {[#] And now ...Rd8+ would win.} 34. Bb7 Rd8+ $2 {[%mdl 8192]} (34... Nd6 $11 {and Black is okay.} 35. Rxe8+ Nxe8) 35. Bd5+ $18 Rxd5+ 36. Kxd5 {Accuracy: White = 56%, Black = 38%.} 1-0

[Event "Moscow Open-F 2019"]
[Site "Moscow"]
[Date "2019.02.01"]
[Round "8"]
[White "Mokshanov, Alexey"]
[Black "Smirnov, Timofey"]
[Result "1/2-1/2"]
[WhiteElo "2442"]
[BlackElo "2347"]
[Annotator "TA"]
[PlyCount "108"]
[EventDate "2019.01.26"]
[EventType "swiss"]
[EventCountry "RUS"]
[SourceTitle "playchess.com"]
[Source "ChessBase"]
[SourceQuality "1"]

{[%evp 9,108,18,27,17,25,18,30,24,20,14,25,20,24,14,9,10,0,-11,13,15,23,23,23,23,23,24,63,37,41,34,68,70,82,85,90,35,55,53,58,65,90,82,110,108,100,99,143,141,143,143,142,141,141,133,153,153,153,153,153,153,147,132,132,77,186,201,197,199,198,194,189,178,204,204,202,200,195,180,172,137,242,242,319,319,391,388,477,456,456,481,441,456,488,476,481,466,462,466,451,420,29982]} 1. e4 c5 2. Nf3 d6 3. Bb5+ Nd7 4. O-O a6 5. Bd3 (5. Bxd7+ Bxd7 6. d4 cxd4 7. Qxd4 e5 8. Qd3 h6 9. a4 Nf6 10. a5 Be7 11. c4 b5 12. axb6 Qxb6 13. Nc3 O-O 14. Be3 Qb7 15. h3 Rfc8 16. Nd2 Be6 17. Rfb1 a5 18. b3 Ra6 19. Ra2 Bd7 20. Rba1 {½-½ (20) Wang,H (2730)-Nepomniachtchi,I (2763) St Petersburg 2018}) 5... Ngf6 6. c3 $146 {B51: Sicilian: Moscow Variation (3 Bb5+) without 3...Bd7} ({Predecessor:} 6. Re1 e6 7. c3 b5 8. Bc2 Bb7 9. d4 {½-½ (80) Rahnfeld,J (2260)-Wachinger,N (2009) Hannover 2017}) 6... e6 7. Bc2 Be7 8. d4 {White has an edge.} b5 9. Re1 Bb7 10. Nbd2 Qc7 11. Nf1 Rc8 ({Predecessor:} 11... O-O 12. Ng3 Rfe8 {½-½ (80) Rahnfeld,J (2260)-Wachinger,N (2009) Hannover 2017}) 12. Bd3 O-O 13. Qe2 Rfe8 14. Ng3 e5 15. d5 c4 16. Bc2 g6 17. Bd2 Bf8 18. Rec1 Nb6 19. b4 cxb3 20. axb3 Nfd7 21. Nf1 Nc5 22. b4 (22. Ne3 $16) 22... Ncd7 23. Ne3 Bh6 24. Bb3 Bxe3 25. Bxe3 Nc4 26. Bxc4 Qxc4 27. Qxc4 Rxc4 28. Nd2 Rec8 29. Nxc4 Rxc4 30. f3 f5 31. Bg5 fxe4 32. fxe4 Rxe4 33. Re1 Rxe1+ 34. Rxe1 $16 {[%mdl 4096] Endgame KRB-KBN} Kf7 35. Rf1+ Ke8 36. h4 (36. h3 $142) 36... Nb6 (36... h5 $16) 37. Rf6 $18 Nc8 {[#]} 38. Bh6 $1 Bxd5 {[#]} 39. Rf8+ $1 Kd7 40. Rh8 Be4 41. Rxh7+ Ke6 42. Bf8 Nb6 43. Ra7 Nd7 44. Bh6 Nb8 (44... Nf6 $16 45. Bg7 (45. Rxa6 Bd3 $16) 45... Ng4) 45. Kf2 Kf5 46. g3 Bh1 47. Bf8 Ke6 48. g4 Nd7 49. Bg7 Nb6 50. h5 gxh5 51. gxh5 Nd5 52. h6 {Threatens to win with h7.} Be4 53. Bf8 Nf6 54. Rxa6 Kd5 {[%mdl 32768] Accuracy: White = 76%, Black = 53%. . An unexpected result.} (54... Kf7 $18 55. Bxd6 Ng4+ 56. Ke2 Nxh6 57. Bxe5 {[%mdl 64] Discovered Attack} Ng4) 1/2-1/2

[Event "Moscow Open-F 2019"]
[Site "Moscow"]
[Date "2019.02.01"]
[Round "8"]
[White "Tekeyev, Zaur"]
[Black "Sarana, Alexey"]
[Result "1-0"]
[WhiteElo "2392"]
[BlackElo "2630"]
[Annotator "TA"]
[PlyCount "63"]
[EventDate "2019.01.26"]
[EventType "swiss"]
[EventCountry "RUS"]
[SourceTitle "playchess.com"]
[Source "ChessBase"]
[SourceQuality "1"]

{[%evp 9,63,37,31,22,32,15,29,29,37,40,35,35,48,4,4,4,12,-12,-13,-16,-34,-20,-13,-28,-10,-19,-24,-40,-8,-33,0,0,56,45,56,55,51,47,108,104,95,71,67,78,129,127,214,216,349,343,324,299,465,454,1181,1167]} 1. e4 c5 2. Nf3 d6 3. Bb5+ Nd7 4. O-O Ngf6 $146 (4... a6 5. Bd3 Ngf6 {½-½ (31) Amin,B (2709)-Saric,I (2692) Zagreb 2018}) ({Predecessor:} 4... a6 5. Bd3 Ngf6 {1-0 (54) Milliet,S (2391)-Cramling,P (2472) Stary Smokovec 2018}) 5. Re1 a6 6. Bd3 {B51: Sicilian: Moscow Variation (3 Bb5+) without 3...Bd7} g6 (6... e6 7. a4 b6 8. b3 Bb7 9. Bb2 Be7 10. Na3 O-O 11. e5 Ne8 12. Nc4 d5 {½-½ (31) Amin,B (2709)-Saric,I (2692) Zagreb 2018}) 7. c3 Bh6 8. Bf1 {White has an edge.} Ne5 9. Nxe5 dxe5 10. Na3 Be6 ({Predecessor:} 10... b5 11. d4 Bxc1 12. Rxc1 cxd4 13. cxd4 Qxd4 14. Qxd4 exd4 {1-0 (54) Milliet,S (2391)-Cramling,P (2472) Stary Smokovec 2018}) 11. Nc4 Bxc4 12. Bxc4 O-O 13. d4 Bxc1 14. Rxc1 exd4 15. e5 Ne8 16. cxd4 b5 17. Bf1 cxd4 18. a4 Nc7 19. axb5 Nxb5 20. Qd2 Qd7 (20... Rc8 $11) 21. e6 $36 {[%mdl 2048] White has some pressure.} fxe6 {[#]} 22. Rxe6 $1 {[%mdl 512]} Rf6 (22... Qxe6 23. Bc4) 23. Re4 {[%mdl 1024] White has compensation.} Rd6 (23... e6 $14) 24. Rce1 $16 e6 25. Bd3 Rf8 26. h4 Nc7 {[#]} ({Black should try} 26... Nc3) 27. h5 $1 {[%mdl 512]} Rf6 (27... gxh5 $16 28. Qg5+ Qg7 29. Qxh5 Rd5) 28. Rg4 $18 Qf7 (28... Kg7 $142 29. hxg6 hxg6) 29. hxg6 hxg6 30. Rc1 e5 (30... Rd7 {might work better.} 31. Qg5 Kf8 32. Qc5+ Kg8) 31. Qh6 e4 (31... Qg7 $142 32. Qxg7+ Kxg7 33. Rxc7+ Rf7) 32. Rh4 {Accuracy: White = 74%, Black = 38%.} 1-0

[Event "Moscow Open-F 2019"]
[Site "Moscow"]
[Date "2019.02.01"]
[Round "8"]
[White "Fotin, Vladimir"]
[Black "Rudometov, Maxim"]
[Result "1-0"]
[WhiteElo "2341"]
[BlackElo "2265"]
[Annotator "TA"]
[PlyCount "57"]
[EventDate "2019.01.26"]
[EventType "swiss"]
[EventCountry "RUS"]
[SourceTitle "playchess.com"]
[Source "ChessBase"]
[SourceQuality "1"]

{[%evp 14,57,35,29,28,30,38,44,38,38,39,43,36,12,80,0,41,46,25,31,24,21,14,30,31,27,54,38,69,56,133,138,146,145,191,191,754,752,683,368,491,501,505,496,29989,29990]} 1. d4 ({Predecessor:} 1. Nf3 d5 2. d4 Nf6 3. c4 e6 4. Nc3 Be7 5. Bf4 O-O 6. e3 b6 7. Bd3 c5 8. cxd5 {½-½ (21) Pfreundt,J (2376)-Matthiesen,M (2329) Aarhus 2017}) 1... d5 $146 (1... e6 2. c4 {½-½ (47) Werle,J (2551)-Klein,D (2511) Netherlands 2017}) 2. c4 e6 3. Nc3 Be7 4. cxd5 (4. Nf3 Nf6 5. Bf4 O-O 6. e3 b6 7. cxd5 exd5 {½-½ (47) Werle,J (2551)-Klein,D (2511) Netherlands 2017}) 4... exd5 5. Bf4 Nf6 6. e3 O-O 7. Bd3 b6 8. Nf3 c5 {D37: Queen's Gambit Declined: 5 Bf4} (8... Bb7 9. h3 c5 10. O-O Nc6 11. Rc1 a6 12. Bb1 Re8 13. Re1 c4 14. e4 dxe4 15. Nxe4 Nd5 16. Bg3 Bb4 {½-½ (47) Werle,J (2551)-Klein,D (2511) Netherlands 2017}) 9. O-O ({Predecessor:} 9. Rc1 Nc6 10. Ne5 Bb7 11. O-O c4 12. Bb1 {½-½ (21) Pfreundt,J (2376)-Matthiesen,M (2329) Aarhus 2017}) 9... Nc6 10. Rc1 c4 {White is slightly better.} 11. Bb1 a6 12. Ne5 Bb7 13. Qf3 b5 (13... Re8 $11) 14. a3 (14. Qh3 $16) ({Predecessor:} 14. Ne2 Nxe5 15. dxe5 Ne4 16. Rfd1 Qb6 17. Nd4 g6 18. Qg4 Bc8 19. Qf3 Bb7 20. Qg4 Bc8 21. Qf3 Bb7 {½-½ (21) Pfreundt,J (2376)-Matthiesen,M (2329) Aarhus 2017}) 14... Nxe5 (14... Qc8 {feels hotter.} 15. Rcd1 Nxe5 16. Bxe5 Qg4 17. Qxg4 Nxg4 18. Bf4 Nf6) 15. dxe5 Ne4 $1 {[%cal Re4c3]} 16. Nxe4 dxe4 17. Bxe4 Bxe4 18. Qxe4 Qb6 19. Rfd1 Rfc8 20. h3 $36 {[%mdl 2048] White has some pressure.} Bf8 21. Bg3 a5 {[#]} ({Black should try} 21... Qg6 $14 22. Qf3 Rd8) 22. a4 $1 $16 bxa4 23. Rxc4 Qxb2 24. e6 ({Don't take} 24. Rxa4 $6 Qb6 $16) 24... a3 $2 (24... Qf6 25. exf7+ (25. Rxa4 Qxe6 26. Qxe6 fxe6 $14) 25... Qxf7 26. Rxc8 (26. Rxa4 Bb4 $16) 26... Rxc8) 25. Rxc8 $18 Rxc8 26. e7 a2 27. Be5 ({Less strong is} 27. exf8=N Rxf8 28. Be5 Qb5 $18) 27... Qa3 28. exf8=R+ Kxf8 (28... Qxf8 $18 29. Bd4 Kh8) 29. Qg4 {Accuracy: White = 88%, Black = 32%.} 1-0

[Event "Moscow Open-F 2019"]
[Site "Moscow"]
[Date "2019.02.01"]
[Round "8"]
[White "Derevianchenko, Ilia"]
[Black "Volobuev, Vladimir"]
[Result "1-0"]
[WhiteElo "2339"]
[BlackElo "1954"]
[Annotator "TA"]
[PlyCount "71"]
[EventDate "2019.01.26"]
[EventType "swiss"]
[EventCountry "RUS"]
[SourceTitle "playchess.com"]
[Source "ChessBase"]
[SourceQuality "1"]

{[%evp 14,71,6,1,14,0,-15,-27,27,24,41,35,124,105,106,95,157,147,170,119,126,91,120,127,154,143,130,137,185,198,248,211,231,220,267,258,232,205,353,347,401,396,418,437,639,631,637,648,719,702,775,549,577,489,741,703,1415,1412,1415,1405]} 1. Nf3 $146 (1. d4 d5 2. Bf4 c6 3. e3 Nf6 4. c4 g6 5. Nc3 Bg7 6. Nf3 {½-½ (18) Miladinovic,I (2547)-Istratescu,A (2624) Novi Sad 2009}) ({Predecessor:} 1. d4 Nf6 2. c4 g6 3. Nc3 d5 4. Bf4 Bg7 5. e3 c6 6. Qb3 O-O {½-½ (57) Phillips,J-Smith,D The Hague 1961}) 1... Nf6 2. c4 g6 3. Nc3 d5 4. d4 Bg7 5. Bf4 O-O 6. e3 c6 7. Qb3 Qa5 8. Be2 dxc4 {D93: Grünfeld: 4 Nf3 Bg7 5 Bf4 0-0 6 e3} (8... Nbd7 9. Nd2 Nh5 10. Bxh5 dxc4 11. Qd1 gxh5 12. Nxc4 Qa6 13. Qe2 Nb6 14. Nxb6 Qxe2+ 15. Nxe2 axb6 16. Bc7 Ra6 17. Nf4 h4 18. Nh5 {½-½ (18) Miladinovic,I (2547)-Istratescu,A (2624) Novi Sad 2009}) 9. Bxc4 b5 10. Be2 Nd5 (10... Be6 $142 11. Qa3 Qxa3 12. bxa3 a5) ({Predecessor:} 10... Be6 11. Qc2 Nd5 {½-½ (57) Phillips,J-Smith,D The Hague 1961}) 11. Be5 $11 Be6 12. Qc2 Na6 ({Black should play} 12... Bf5 $14 13. Qd2 Nxc3) ({Predecessor:} 12... f6 13. Bg3 Bf5 14. Qd2 Nxc3 15. bxc3 Nd7 16. O-O {½-½ (57) Phillips,J-Smith,D The Hague 1961}) 13. O-O $16 Nxc3 14. bxc3 {[%cal Bb2c3,Bc3c4,Bc4c5][%mdl 32]} f6 ({Better is} 14... Qa3) 15. Bg3 Nc7 16. e4 ({White should try} 16. a4 $18) 16... a6 17. c4 Rac8 18. a4 {axb5 is the strong threat.} b4 {[#]} 19. Nd2 $1 Qb6 20. c5 Qb7 21. Bc4 {And now Bxc7 would win.} Bxc4 22. Qxc4+ Kh8 {[#]} 23. Nb3 $1 f5 24. Na5 Qa8 25. f3 ({Don't play} 25. Qxb4 $6 f4 $16) 25... f4 (25... Ne8 $142 26. Qxb4 fxe4) 26. Bf2 $18 e5 27. Rab1 Rfe8 28. Rxb4 Ne6 (28... exd4 $142 29. Bxd4 Ne6) 29. d5 cxd5 30. exd5 Nd4 31. Rfb1 Qa7 32. c6 Qe7 33. Rb7 Rc7 (33... Qf6 $142 34. Nb3 Nf5) 34. Qb4 Qd8 35. Rxc7 Qxc7 36. d6 {Accuracy: White = 81%, Black = 25%.} 1-0